Регионална библиотека "Любен Каравелов" - Русе

Когато те тресне пубертетът (Запис номер 505324)

MARC детайли
000 -Лидер
Контролно поле с фиксирана дължина 01617nam a2200325 c 4500
003 - Код на организацията, давaща контролен номер
Контролно поле BLK
005 - Дата и час на последна редакция
Контролно поле 20250704174628.0
008 - Елементи от данни с фиксирана дължина
fixed length control field 180411b bul|||||r ||||||| ||bul||
020 ## - Международен стандартен номер на книга ISBN
Международен стандартен номер на книга ISBN 9786197741094
040 ## - Източник на каталожния запис
Идентификатор на билиотеката - собственик на записа BLK
041 ## - Код за език
Код за езика на текст/звукозапис или на отделно заглавие Български
Код за езика КДБФ Български
080 ## - УДК
Текстов определител УДК Влияние на възрастта върху различни физиологични процеси - Пубертет (полово съзряване), менструация, менопауза, плодовитост, безплодие, лактация, млечни жлези, климактериум и др.
УДК код - определител по УДК 612.66
УДК - код + определител 612.66
080 ## - УДК
Текстов определител УДК Психология на юношите
УДК код - определител по УДК 159.922.8
УДК - код + определител 159.922.8
100 1# - Редна дума - Автор
Автор Новак, Николета
Авторска отговорност първи автор
R(LIN) 344802
139 ## - Редно поле
Редна дума Новак, Николета
Авторски знак Но - Н 85
245 10 - Сведения за заглавието
Заглавие Когато те тресне пубертетът
Подзаглавни данни Само за момичета
Редно поле (дума) Николета Новак; прев. Марина Огнянова; ил. Тихомир Челанович
257 ## - Страна на издаване
Страна на създаване/издаване България
260 ## - Област на издателските данни
Име на издателя, разпространителя и проч. Хартиен свят
Година на издаване 2023
9 (RLIN) 491338
Място на издаване, разпространение и проч. София
300 ## - Физическа характеристика
Страници 112 с.
Илюстрации и др. с цв. ил.
Размери/Мащаб 21 см
380 ## - Жанр
Жанр Детска отраслова лит.
650 #0 - Допълнително описание по предмет – тема
9 (RLIN) 265611
Основно описание – тема или топоним Пубертет - физиология и психология
650 #0 - Допълнително описание по предмет – тема
9 (RLIN) 263355
Основно описание – тема или топоним Юноши - развитие и психология
700 ## - Други автори (авторска отговорност)
Лично име Челанович, Тихомир
Автороска отговорност (Описва отношението между автора и произведението) ил.
9 (RLIN) 491340
700 1# - Други автори (авторска отговорност)
Лично име Огнянова, Марина
9 (RLIN) 104441
856 4# - Електронен адрес и достъп
Електронен формат pdf - файл
856 4# - Електронен адрес и достъп
Електронен формат pdf - файл
942 ## - АРТИКУЛИ
Вид на библиотечния материал Книги
Скрит в OPAC Не
Koha issues (borrowed), all copies 12
944 ## - СЪЗДАВАНЕ И РЕДАКЦИЯ на ЗАПИСА
Дата на регистрацията/редакция Нора Радева
Служител, извършил регистрацията/редакцията 30537
Статус, дата на статуса Грета Цуфелде
Създаване/Редакция
999 ## - СИСТЕМНИ КОНТРОЛНИ НОМЕРА
Koha biblionumber 505324
Koha biblioitemnumber 505324
999 ## - СИСТЕМНИ КОНТРОЛНИ НОМЕРА
Koha biblioitemnumber 505322
Наличности
Код за отписване Код за изгубен артикул Източник на класификационната схема Код за повреда Код за отдаване Артикулен № Име на библиотеката - собственик Име на библиотеката, в която се намира в момента Статус (Текущо местоположение) Дата на вписване в системата Местоположение - отдел Цена в лева Инвентарен номер Систематично азбучна сигнатура Баркод Цена в евро Служебен тип на артикула
  Не е изгубен Universal Decimal Classification Не е повреден заемане за дома 940820 Регионална библиотека "Любен Каравелов" Русе Регионална библиотека "Любен Каравелов" Русе Детски отдел 2024-03-11 Детски отдел 8.40 120000899850 ДН 61/Н 85 Н 120000899850 4.29 Книги
  Не е изгубен Universal Decimal Classification Не е повреден заемане за дома 940821 Регионална библиотека "Любен Каравелов" Русе Регионална библиотека "Любен Каравелов" Русе Детски отдел 2024-03-11 Детски отдел 8.40 120000899849 ДН 61/Н 85 Н 120000899849 4.29 Книги
  Не е изгубен Universal Decimal Classification Не е повреден заемане за дома 940822 Регионална библиотека "Любен Каравелов" Русе Регионална библиотека "Любен Каравелов" Русе Детски отдел 2024-03-11 Детски отдел 8.40 120000899848 ДН 61/Н 85 Н 120000899848 4.29 Книги
Vip Innovations Ltd, Rousse, Bulgaria 2025